Statistics for NBA Players of the Month by Team

Click here to take the quiz!

General Stats

  • This quiz has been taken 228 times
    (12 since last reset)
  • The average score is 29 of 30

Answer Stats

TeamPlayers% Correct
NuggetsAlex English | Fat Lever | Carmelo Anthony | Nikola Jokić
100%
WarriorsBernard King | Chris Mullin | Stephen Curry | Kevin Durant
100%
KnicksBernard King | Patrick Ewing | Carmelo Anthony | Julius Randle | Jalen Brunson
100%
RaptorsChris Bosh | Kyle Lowry | DeMar DeRozan
100%
PistonsDennis Rodman | Grant Hill | Ben Wallace | Chauncey Billups
100%
HawksDominique Wilkins | Joe Johnson | Paul Millsap | Al Horford | Jeff Teague | Kyle Korver | DeMarre Carroll
100%
ClippersFreeman Williams | Elton Brand | Chris Paul | Blake Griffin | Tobias Harris
100%
SuperSonics / ThunderGary Payton | Kevin Durant | Russell Westbrook | Paul George | Shai Gilgeous-Alexander
100%
SpursGeorge Gervin | Alvin Robertson | David Robinson | Tim Duncan | Tony Parker
100%
HeatGlen Rice | Alonzo Mourning | Lamar Odom | Dwyane Wade | Shaquille O'Neal | LeBron James
100%
PelicansJamal Mashburn | Baron Davis | Jamaal Magloire | Chris Paul | Anthony Davis
100%
NetsJason Kidd | Kevin Durant | Kenyon Martin | Vince Carter | James Harden
100%
JazzJohn Stockton | Karl Malone | Carlos Boozer | Deron Williams | Donovan Mitchell
100%
76ersJulius Erving | Moses Malone | Charles Barkley | Allen Iverson | Joel Embiid
100%
LakersKareem Abdul-Jabbar | Magic Johnson | Cedric Ceballos | Shaquille O'Neal | Eddie Jones | Kobe Bryant | Pau Gasol | LeBron James | Anthony Davis
100%
Trail BlazersKelvin Ransey | Clyde Drexler | LaMarcus Aldridge | Damian Lillard
100%
TimberwolvesKevin Garnett
100%
CelticsLarry Bird | Paul Pierce | Antoine Walker | Isaiah Thomas | Jayson Tatum
100%
SunsLarry Nance | Kevin Johnson | Jeff Hornacek | Jason Kidd | Shawn Marion | Steve Nash | Amar'e Stoudemire | Devin Booker
100%
CavaliersLeBron James | Donovan Mitchell
100%
MavericksMark Aguirre | Dirk Nowitzki | Steve Nash | Michael Finley | Luka Dončić
100%
BullsMichael Jordan | Scottie Pippen | Derrick Rose | Jimmy Butler | DeMar DeRozan
100%
RocketsMoses Malone | Calvin Murphy | Hakeem Olajuwon | Charles Barkley | Yao Ming | James Harden
100%
MagicShaquille O'Neal | Penny Hardaway | Tracy McGrady | Dwight Howard | Hedo Türkoğlu
100%
BucksSidney Moncrief | Terry Cummings | Michael Redd | Giannis Antetokounmpo
100%
PacersDetlef Schrempf | Jermaine O'Neal | Paul George
90%
WizardsJeff Ruland | Juwan Howard | Gilbert Arenas | John Wall | Russell Westbrook
90%
KingsLarry Drew | Chris Webber | Peja Stojaković
80%
GrizzliesZach Randolph
80%
HornetsGlen Rice | Al Jefferson
50%

Score Distribution

Percentile by Number Answered

Percent of People with Each Score

Your Score History

You have not taken this quiz since the last reset